| 000 | 00937cam a22002535a 4500 | ||
|---|---|---|---|
| 005 | 20180207155114.0 | ||
| 008 | 100927t2006 nyua frb 001 0 eng d | ||
| 020 | _a9780071253512 | ||
| 020 | _a0071253513 | ||
| 040 |
_aEG-ScBUE _beng _cEG-ScBUE _dEG-ScBUE |
||
| 082 | 0 | 4 |
_a624 _bPEU _222 |
| 100 | 1 |
_aPeurifoy, R. L. _q(Robert Leroy), _d1902-1995. _925464 |
|
| 245 | 1 | 0 |
_aConstruction planning, equipment, and methods / _cRobert L. Peurifoy, Clifford J. Schexnayder, Aviad Shapira. |
| 250 | _a7th ed. International ed. | ||
| 260 |
_aNew York : _bMcGraw-Hill Higher Education, _c2006. |
||
| 300 |
_axiii, 768 p. : _bill. ; _c24 cm. |
||
| 490 | 0 | _aMcGraw-Hill series in civil engineering | |
| 504 | _aIncludes bibliographical references and index. | ||
| 650 | 7 |
_aBuilding. _2BUEsh _937769 |
|
| 653 |
_bENGCIV _bGGEN _cJanuary2016 _cFebruary2018 |
||
| 700 | 1 |
_aSchexnayder, Cliff J. _919934 |
|
| 700 | 1 |
_aShapira, Aviad. _919935 |
|
| 942 | _2ddc | ||
| 999 |
_c2875 _d2875 |
||